[Event "HUN-chT U18"]
[Site "Budapest"]
[Date "2012.10.28"]
[Round "2.1"]
[White "Molnar Saska, Zoltan"]
[Black "Dudas, Szilvia"]
[Result "1/2-1/2"]
[WhiteElo "1815"]
[BlackElo "1891"]
[PlyCount "58"]
[EventDate "2012.10.28"]
[EventType "team-swiss"]
[EventRounds "8"]
[EventCountry "HUN"]
[SourceTitle "EXT 2020"]
[Source "ChessBase"]
[SourceDate "2019.10.17"]
[SourceVersion "1"]
[SourceVersionDate "2019.10.17"]
[SourceQuality "1"]

1. e4 e5 2. Nf3 Nc6 3. Bb5 a6 4. Ba4 Nf6 5. 0-0 Nxe4 6. Re1 Nc5 7. Bxc6 dxc6 8. Rxe5+ Ne6 9. d3 Bd6 10. Re1 0-0 11. Nc3 Nf4 12. Ne4 Ng6 13. Nxd6 Qxd6 14. Be3 f5 15. Bd2 b6 16. Bc3 Bb7 17. Ng5 Rae8 18. Rxe8 Rxe8 19. Qh5 h6 20. Nf3 Rf8 21. Nd4 Nf4 22. Qf3 Ba8 23. Ne2 Nxe2+ 24. Qxe2 Qg6 25. Re1 c5 26. Qe6+ Qxe6 27. Rxe6 Bd5 28. Re7 Rf7 29. Rxf7 Kxf7 1/2-1/2

[Event "Vienna Husek op-B"]
[Site "Vienna"]
[Date "2012.08.18"]
[Round "6"]
[White "Ranner, Stefan"]
[Black "Dudas, Szilvia"]
[Result "0-1"]
[WhiteElo "1999"]
[BlackElo "1869"]
[PlyCount "92"]
[EventDate "2012.08.13"]
[EventType "swiss"]
[EventRounds "7"]
[EventCountry "AUT"]
[SourceTitle "EXT 2014"]
[Source "ChessBase"]
[SourceDate "2013.11.20"]
[SourceVersion "1"]
[SourceVersionDate "2013.11.20"]
[SourceQuality "1"]

1. d4 d5 2. Nf3 e6 3. Bf4 c5 4. e3 Nc6 5. c3 Nf6 6. Bd3 Be7 7. h3 0-0 8. 0-0 b6 9. Nbd2 Bb7 10. Qe2 Nh5 11. Bh2 c4 12. Bc2 f5 13. Ne5 Nf6 14. Ndf3 Nd7 15. Rad1 Ndxe5 16. Nxe5 Nxe5 17. Bxe5 Qe8 18. f4 b5 19. Rf2 a5 20. g4 g6 21. Rdf1 Bf6 22. Rg2 Kf7 23. Qf2 Qd8 24. Qf3 Ke7 25. h4 Kd7 26. h5 Bxe5 27. fxe5 Rg8 28. hxg6 hxg6 29. Rh2 Rh8 30. Rff2 Qe7 31. gxf5 gxf5 32. Rhg2 Rag8 33. Bxf5 exf5 34. Qxf5+ Qe6 35. e4 dxe4 36. Qf7+ Qxf7 37. Rxf7+ Kc8 38. e6 Rxg2+ 39. Kxg2 Re8 40. Rf5 Rxe6 41. Rxb5 e3+ 42. Kf1 e2+ 43. Ke1 Bf3 44. Rxa5 Rg6 45. Re5 Rg1+ 46. Kf2 Rf1+ 0-1

[Event "HUN-chT U18"]
[Site "Miskolc"]
[Date "2010.11.03"]
[Round "2.8"]
[White "Dudas, Szilvia"]
[Black "Csonka, Balazs"]
[Result "0-1"]
[WhiteElo "1855"]
[BlackElo "2244"]
[PlyCount "80"]
[EventDate "2010.11.02"]
[EventType "team-swiss"]
[EventRounds "8"]
[EventCountry "HUN"]
[SourceTitle "EXT 2016"]
[Source "ChessBase"]
[SourceDate "2015.10.08"]
[SourceVersion "1"]
[SourceVersionDate "2015.10.08"]
[SourceQuality "1"]

1. e4 c6 2. d4 d5 3. exd5 cxd5 4. Bd3 Nc6 5. Nf3 Bg4 6. c3 e6 7. Bf4 Bd6 8. Bxd6 Qxd6 9. Nbd2 Nf6 10. 0-0 0-0 11. h3 Bh5 12. Qe1 Nd7 13. Qe3 Rab8 14. Rfe1 Rfc8 15. Qg5 Bg6 16. Bxg6 hxg6 17. Qh4 Ne7 18. Ng5 Nf6 19. f4 Nf5 20. Qf2 Qc7 21. g4 Nd6 22. Re2 b5 23. a3 a5 24. Kg2 Qb6 25. Kg1 Rc7 26. Rae1 b4 27. axb4 axb4 28. cxb4 Qxb4 29. b3 Rbc8 30. Ra1 Rc1+ 31. Rxc1 Rxc1+ 32. Kg2 Rc2 33. Kh1 Rxd2 34. Rxd2 Nde4 35. Nxe4 Nxe4 36. Qh4 g5 37. fxg5 Qxd2 38. g6 fxg6 39. Qd8+ Kh7 40. Qh4+ Qh6 0-1

[Event "HUN-chT U18"]
[Site "Miskolc"]
[Date "2009.10.28"]
[Round "4.5"]
[White "Varga, Melinda"]
[Black "Dudas, Szilvia"]
[Result "1/2-1/2"]
[WhiteElo "1871"]
[BlackElo "1795"]
[PlyCount "96"]
[EventDate "2009.10.26"]
[EventType "team-swiss"]
[EventRounds "8"]
[EventCountry "HUN"]
[SourceTitle "EXT 2016"]
[Source "ChessBase"]
[SourceDate "2015.10.08"]
[SourceVersion "1"]
[SourceVersionDate "2015.10.08"]
[SourceQuality "1"]

1. e4 e5 2. Nf3 Nc6 3. Bc4 Nf6 4. d3 Be7 5. c3 0-0 6. 0-0 d5 7. exd5 Nxd5 8. h3 Bf5 9. Bb3 Nb6 10. Bc2 Qd7 11. Qe2 Bd6 12. Nbd2 Rae8 13. Ne4 Nd5 14. Re1 Nf4 15. Bxf4 exf4 16. Qd2 Bxe4 17. dxe4 Qe7 18. Qe2 Ne5 19. Nxe5 Qxe5 20. Qf3 Re6 21. Rad1 c6 22. Rd4 Rg6 23. b4 a5 24. a3 axb4 25. axb4 Ra8 26. Rb1 h5 27. Rdd1 Rh6 28. Ra1 Rxa1 29. Rxa1 g5 30. Ra5 b5 31. Kf1 Qe6 32. Qd3 g4 33. Ra8+ Kg7 34. hxg4 hxg4 35. Qd4+ Qe5 36. Bb3 Qxd4 37. cxd4 Bxb4 38. Ra7 Rh1+ 39. Ke2 Rb1 40. Bxf7 Kf8 41. Be6 Re1+ 42. Kd3 Rd1+ 43. Ke2 Rxd4 44. Rf7+ Ke8 45. Rxf4 Rd2+ 46. Kf1 Rd1+ 47. Ke2 Rd2+ 48. Kf1 Rd1+ 1/2-1/2

[Event "HUN-ch U16 Girls"]
[Site "Balatonlelle"]
[Date "2009.07.01"]
[Round "5"]
[White "Dudas, Szilvia"]
[Black "Zsigrai, Eszter"]
[Result "1/2-1/2"]
[WhiteElo "1795"]
[BlackElo "1733"]
[PlyCount "52"]
[EventDate "2009.06.27"]
[EventType "swiss"]
[EventRounds "9"]
[EventCountry "HUN"]
[SourceTitle "EXT 2011"]
[Source "ChessBase"]
[SourceDate "2010.11.26"]
[SourceVersion "1"]
[SourceVersionDate "2010.11.26"]
[SourceQuality "1"]

1. e4 c5 2. Nf3 d6 3. d4 cxd4 4. Qxd4 Nc6 5. Bb5 Bd7 6. Bxc6 Bxc6 7. Nc3 Nf6 8. Bg5 e5 9. Qd3 h6 10. Bd2 Be7 11. 0-0-0 a6 12. Be3 b5 13. Nd2 Qc7 14. Kb1 Qb7 15. f3 b4 16. Nd5 Nxd5 17. exd5 Bxd5 18. Ne4 Bxe4 19. fxe4 Rc8 20. Rhf1 Qc6 21. Qb3 0-0 22. Rde1 Qc4 23. Qa4 Qc6 24. Qb3 Qc4 25. Qa4 Qc6 26. Qb3 Qc4 1/2-1/2

[Event "HUN-chT2 Asztalos 0607"]
[Site "Hungary"]
[Date "2007.03.04"]
[Round "6"]
[White "Miovecz, Adam"]
[Black "Dudas, Szilvia"]
[Result "1/2-1/2"]
[WhiteElo "1705"]
[BlackElo "1700"]
[PlyCount "153"]
[EventDate "2006.11.12"]
[EventType "team"]
[EventRounds "11"]
[EventCountry "HUN"]
[SourceTitle "EXT 2008"]
[Source "ChessBase"]
[SourceDate "2007.11.25"]
[SourceVersion "1"]
[SourceVersionDate "2007.11.25"]
[SourceQuality "1"]
[WhiteTeam "Szenna Pack II"]
[BlackTeam "MAV Elore"]
[WhiteTeamCountry "HUN"]
[BlackTeamCountry "HUN"]

1. e4 e5 2. Nf3 Nc6 3. d4 exd4 4. Nxd4 Bc5 5. Nb3 Bb6 6. Nc3 d6 7. Nd5 Qh4 8. Qf3 Ne5 9. Qf4 Qxf4 10. Bxf4 Ne7 11. Nxb6 axb6 12. a3 0-0 13. Nd4 Bd7 14. 0-0-0 N7g6 15. Bg3 Rfe8 16. f3 Ne7 17. Nb5 Bxb5 18. Bxb5 Red8 19. Rd2 N7g6 20. Rhd1 Ra5 21. Be2 Rda8 22. c4 Nc6 23. f4 Ra4 24. Kc2 Re8 25. Bd3 Nd4+ 26. Kc3 Nc6 27. h4 Nf8 28. Bc2 Raa8 29. Re2 Ne6 30. e5 dxe5 31. fxe5 Re7 32. h5 Nc5 33. Rde1 Rae8 34. Bf5 f6 35. b4 Nd7 36. Bxd7 Rxd7 37. exf6 Rxe2 38. Rxe2 gxf6 39. Bf4 Kf7 40. Re4 f5 41. Re3 Nd8 42. Rd3 Rxd3+ 43. Kxd3 Ne6 44. Be5 Ke7 45. Ke3 Kd7 46. Kf3 c6 47. a4 Ke7 48. g4 fxg4+ 49. Kxg4 Kf7 50. Kf5 Ke7 51. h6 Kf7 52. Bf6 Nf8 53. b5 c5 54. Bc3 Nd7 55. a5 bxa5 56. Bxa5 b6 57. Bd2 Nf6 58. Ke5 Ne8 59. Kd5 Ke7 60. Kc6 Nd6 61. Bg5+ Ke6 62. Kxb6 Nxc4+ 63. Kxc5 Ne5 64. Bh4 Nd7+ 65. Kc6 Ne5+ 66. Kc7 Nc4 67. Bf2 Kd5 68. Kd7 Ne5+ 69. Ke7 Ng4 70. Kd7 Nxf2 71. b6 Ne4 72. Ke7 Kc6 73. Ke6 Kxb6 74. Kf5 Nf2 75. Kf6 Ng4+ 76. Kg7 Nxh6 77. Kxh6 1/2-1/2

[Event "HUN-chT2 Asztalos 0607"]
[Site "Hungary"]
[Date "2006.11.26"]
[Round "2"]
[White "Horvath, Tamas1111"]
[Black "Dudas, Szilvia"]
[Result "0-1"]
[WhiteElo "2283"]
[BlackElo "1700"]
[PlyCount "100"]
[EventDate "2006.11.12"]
[EventType "team"]
[EventRounds "11"]
[EventCountry "HUN"]
[SourceTitle "EXT 2008"]
[Source "ChessBase"]
[SourceDate "2007.11.25"]
[SourceVersion "1"]
[SourceVersionDate "2007.11.25"]
[SourceQuality "1"]
[WhiteTeam "Dombovar"]
[BlackTeam "MAV Elore"]
[WhiteTeamCountry "HUN"]
[BlackTeamCountry "HUN"]

1. e4 e5 2. Nf3 Nc6 3. Bb5 a6 4. Ba4 Nf6 5. 0-0 d6 6. d3 Be7 7. h3 0-0 8. Bd2 b5 9. Bb3 Bb7 10. a3 Nd4 11. Nxd4 exd4 12. c3 dxc3 13. Nxc3 c5 14. Re1 Nd7 15. Bd5 Bxd5 16. Nxd5 Nf6 17. Nxe7+ Qxe7 18. Bg5 Qe5 19. Qd2 Nd7 20. f4 Qd4+ 21. Kh1 c4 22. Rad1 Nc5 23. dxc4 Qxc4 24. Rc1 Qd3 25. Rcd1 Qxd2 26. Rxd2 Rfe8 27. Rd4 f5 28. e5 dxe5 29. Rxe5 Rxe5 30. fxe5 Ne6 31. Be3 Nxd4 32. Bxd4 Kf7 33. Kg1 Ke6 34. Kf2 a5 35. Bc3 Kd5 36. Ke3 Kc4 37. e6 Re8 38. Bxg7 Rxe6+ 39. Kf4 Rg6 40. Bc3 b4 41. axb4 axb4 42. Be5 Rxg2 43. Kxf5 Kb3 44. h4 Rxb2 45. Kg5 Rf2 46. Kh6 Rf7 47. h5 Kc2 48. Bg7 Rxg7 49. Kxg7 b3 50. Kxh7 b2 0-1

[Event "EU-ch U12 Girls"]
[Site "Herceg Novi"]
[Date "2006.09.11"]
[Round "2"]
[White "Dudas, Szilvia"]
[Black "Arabidze, Meri"]
[Result "0-1"]
[WhiteElo "1700"]
[BlackElo "2091"]
[PlyCount "68"]
[EventDate "2006.09.10"]
[EventType "swiss"]
[EventRounds "9"]
[EventCountry "MNE"]
[SourceTitle "CBM 114 Extra"]
[Source "ChessBase"]
[SourceDate "2006.11.03"]
[SourceVersion "1"]
[SourceVersionDate "2006.11.03"]
[SourceQuality "1"]

1. e4 c5 2. c3 Nf6 3. e5 Nd5 4. g3 e6 5. Bg2 Nc6 6. Nf3 Qc7 7. d4 cxd4 8. cxd4 d6 9. exd6 Bxd6 10. 0-0 Bd7 11. Nc3 Nce7 12. Bd2 Bc6 13. Rc1 a6 14. Re1 0-0 15. Ne4 Rac8 16. Nc5 Nf5 17. b4 Bxc5 18. dxc5 Rfd8 19. Qb3 h6 20. Ne5 Nf6 21. Bf4 Bxg2 22. Kxg2 Nd5 23. Nd3 Qc6 24. Kg1 Nd4 25. Ne5 Nxb3 26. Nxc6 Nxc1 27. Nxd8 Nd3 28. Rd1 N3xf4 29. Nxb7 Ne2+ 30. Kf1 Nec3 31. Rd2 Nxb4 32. a3 Nbd5 33. Rd4 Rc7 34. Nd6 Rxc5 0-1

[Event "HUN-chT2 Asztalos 0506"]
[Site "Hungary"]
[Date "2006.02.12"]
[Round "7"]
[White "Csavassy, Gyorgy"]
[Black "Dudas, Szilvia"]
[Result "1/2-1/2"]
[WhiteElo "2036"]
[BlackElo "1641"]
[PlyCount "122"]
[EventDate "2005.10.16"]
[EventType "team"]
[EventRounds "11"]
[EventCountry "HUN"]
[SourceTitle "EXT 2009"]
[Source "ChessBase"]
[SourceDate "2008.11.26"]
[SourceVersion "1"]
[SourceVersionDate "2008.11.26"]
[SourceQuality "1"]
[WhiteTeam "Koppany"]
[BlackTeam "MAV Elore"]
[WhiteTeamCountry "HUN"]
[BlackTeamCountry "HUN"]

1. d4 d5 2. Nf3 Nf6 3. g3 e6 4. Bg2 Be7 5. 0-0 0-0 6. Re1 Nbd7 7. Nbd2 c5 8. c3 cxd4 9. cxd4 Nb6 10. a3 Bd7 11. e4 dxe4 12. Ne5 Bb5 13. Nxe4 Rb8 14. b3 Nbd5 15. Bb2 b6 16. Rc1 Rc8 17. Qd2 Nxe4 18. Bxe4 f6 19. Nf3 Rxc1 20. Rxc1 f5 21. Bb1 f4 22. Ne5 fxg3 23. hxg3 Bg5 24. Qc2 Rf5 25. Qc8 Qxc8 26. Rxc8+ Rf8 27. Bxh7+ Kxh7 28. Rxf8 Bf6 29. a4 Be2 30. Nc4 Bd1 31. Nd2 Nb4 32. Re8 Nd3 33. Bc3 Nc1 34. Rxe6 Ne2+ 35. Rxe2 Bxe2 36. f4 Bd3 37. Kf2 Kg6 38. Ke3 Bc2 39. g4 Kf7 40. a5 g6 41. axb6 axb6 42. b4 Ke6 43. g5 Be7 44. Nf3 Kd5 45. Ne5 Bf5 46. Be1 b5 47. Bd2 Bd8 48. Nd3 Bb6 49. Nc5 Bc7 50. Nd3 Bd6 51. Ne5 Bb8 52. Nf7 Ba7 53. Bc3 Bb6 54. Nh6 Bb1 55. f5 gxf5 56. Nf7 Kc4 57. Ba1 Bc7 58. Ne5+ Kxb4 59. g6 Bxe5 60. dxe5 f4+ 61. Kxf4 Bxg6 1/2-1/2